1605 1936 1458 1942 1913 1605 1257 1590 1802 1454 1768 1973 1066 1679 1671 1792 1135 1744 1857 1283 1604 1795 1340 1109 1087 1312 1976 1237 1072 1050 1884 1018 1570 1613 1447 1196 1785 1912 1376 1267 1583 1319 1865 1602 1472 1680 1495 1375 1460 1492 1885 1958 1679 1795 1890 1519 1642 1032 1393 1442 1286 1221 1820 1847 1585 1186 1026 1139 1013 1761 1997 1376 1117 1144 1042 1376 1708 1109 1193 1808 1294 1248 1138 1025 1323 1054 1065 1959 1840 1693 1689 1210 1666 1926 1275 1638 1728 1890 1275 BCNSPRNW ULIB Ver.6.0+V

เปลี่ยนเป็นภาษาไทย

Change to English
 แสดงรายละเอียดบรรณานุกรม
  กลับหน้าหลัก

Brief Record : Get Marc (ISO 2709) : E-mail record : QR code < ปิดหน้าต่าง
LEADER : 00000nam 2200000uu 4500
001    13399123939
003     ULIB
008    141215s2556||||th 000 0 tha d
020    ^a9786167556185
060    ^aWA695^bน624ร
100    ^aนิภาพร จตุพรโภคา,^eบรรณาธิการ
245    ^aสวยเลือกได้ =^bฉลาดซื้อ รวมผลทดสอบ 2013/^cนิภาพร จตุพรโภคา ; บรรณาธิการ
250    ^aพิมพ์ครั้งที่ 1
260    ^aกรุงเทพฯ :^bมูลนิธิเพื่อผู้บริโภค,^c2556
300    ^a109 หน้า;^b18 ซม.
650    ^aโภชนาการ
650    ^aอาหาร^xทดสอบ
945    ^p100^l0^i22731
945    ^p100^l0^i22732
999    ^aทศพร เกษรทอง
รายการนี้ยังไม่มีแท็ก
คุณยังไม่ได้ล็อกอิน คุณสามารถมีกิจกรรมร่วมกับเว็บไซต์ได้ แต่ต้องล็อกอินก่อน ::
  ล็อกอิน

รายการสื่อสารสนเทศ

ลำดับที่ ประเภท เลขเรียก/บาร์โค้ด สถานที่ สถานะ
1. วิทยาศาสตร์การแพทย์ และสุขภาพ
วิทยาศาสตร์การแพทย์ และสุขภาพ
สถานะ=หนังสือเก่า
WA695 น624ร ฉ.1 
  Barcode: 22731
ห้องสมุดวิทยาเขตนครสวรรค์
►ส่วนจัดเก็บหนังสือเก่า นว.
บนชั้น
  ขอยืม
2. วิทยาศาสตร์การแพทย์ และสุขภาพ
วิทยาศาสตร์การแพทย์ และสุขภาพ
สถานะ=หนังสือเก่า
WA695 น624ร ฉ.2 
  Barcode: 22732
ห้องสมุดวิทยาเขตนครสวรรค์
►ส่วนจัดเก็บหนังสือเก่า นว.
บนชั้น
  ขอยืม

รายการใกล้เคียง
    หัวเรื่อง [โภชนาการ]

BibComment


ยังไม่เคยถูกคอมเมนท์

คอมเมนท์ทรัพยากรรายการนี้
  คอมเมนท์: สวยเลือกได้ ฉลา..


 Copyright 2026. Bcnsprnw @Library